Open economy macroeconomics

Uloženo v:
Podrobná bibliografie
Hlavní autor: Dornbusch, Rudiger
Médium: Kniha
Jazyk:Undetermined
Vydáno: New York Basic Books 1980
Témata:
Tagy: Přidat tag
Žádné tagy, Buďte první, kdo otaguje tento záznam!
Thư viện lưu trữ: Trung tâm Học liệu Trường Đại học Cần Thơ
LEADER 00498nam a2200169Ia 4500
001 CTU_78512
008 210402s9999 xx 000 0 und d
082 |a 339 
082 |b D713 
100 |a Dornbusch, Rudiger 
245 0 |a Open economy macroeconomics 
245 0 |c Rudiger Dornbusch 
260 |a New York 
260 |b Basic Books 
260 |c 1980 
650 |a International economic relations,International finance,Macroeconomics 
980 |a Trung tâm Học liệu Trường Đại học Cần Thơ